000 00627nam a2200229Ia 4500
003 OSt
005 20251024185328.0
008 210423s2011 xx 000 0 und d
020 _a978-93-80836-02-7
040 _cAL
041 _aEnglish
082 _a361.3
_bGAUS
100 _aGautam P R
_9120544
245 _aSocial work
_b: administration and development
260 _aNew Delhi
_bCentrum Press
_c2011
300 _a304
_bHB
365 _b900
_cINR
650 _aSocial Problems & Services
_9120545
650 _aSocial Work
_9120546
906 _aadministration ; development ; Social ; work:
942 _2ddc
_cBK
999 _c175867
_d175867